| 000 | 00931cam a2200217 4500 | ||
|---|---|---|---|
| 001 | WB4002-10 | ||
| 008 | 040112n2004 000 0 eng u | ||
| 035 | _a(Sirsi) u124832 | ||
| 245 | _aHouse Price Index November 2003 | ||
| 260 | _c2004 | ||
| 490 |
_aODPM News Release _v(0004) 12 January 2004 (2) |
||
| 520 | _aThe mix-adjusted average house price in the UK in November 2003 was £159 480, down from £161 567 in October with house price inflation also falling in November to 9.7% down from 12.1% in October. House prices were £169 567 in England, £111 196 in Wales, £98 672 in Scotland and £101 832 in Northern Ireland. London had the highest average house price in November with a figure of £241 385. | ||
| 590 | _aWB | ||
| 590 | _aWB | ||
| 650 | _aODPM HOUSE PRICE INDEX | ||
| 650 | _aHOUSE PRICES | ||
| 650 | _aHOUSE PRICE INFLATION | ||
| 650 | _aLONDON | ||
| 690 | _aHOUSING-HOUSE PRICES | ||
| 942 | _n0 | ||
| 999 |
_c116930 _d116930 |
||